书目信息 |
| 题名: |
精彩刺绣跟我学
|
|
| 作者: | 蒋崇愚 主编 | |
| 分册: | ||
| 出版信息: | 北京 中国纺织出版社 2004 |
|
| 页数: | 128,3页 | |
| 开本: | 26cm | |
| 丛书名: | ||
| 单 册: | ||
| 中图分类: | J523.6 | |
| 科图分类: | ||
| 主题词: | 刺绣--工艺美术--技法(美术) , 技法(美术) | |
| 电子资源: | ||
| ISBN: | 7-5064-2938-1 | |
| 000 | 00938nam0 2200253 450 | |
| 001 | 020000018773 | |
| 005 | 20051222095037.18 | |
| 010 | @a7-5064-2938-1@b@dCNY26.00 | |
| 092 | @aCN | |
| 100 | @a20040826d2004 ekmy0chiy0120 ea | |
| 101 | 0 | @achi |
| 102 | @aCN@b110000 | |
| 105 | @aaf z 000yy | |
| 200 | 1 | @a精彩刺绣跟我学@9jing cai ci xiu gen wo xue@f蒋崇愚主编@Fjiang chong yu zhu bian@g |
| 210 | @a北京@c中国纺织出版社@d2004 | |
| 215 | @a128,3页@c折图,附图一张@d26cm | |
| 310 | @a | |
| 330 | @a本书从刺绣材料和刺绣工具讲起,逐步教你学会绣各种线形的针法、绣各种花形的针法、绣各种叶子的针法、绣各种开光纹样和花蕊的针法、绣各种大面积的针法、十字绣针法、补绣针法及绣各种边饰纹样的针法,同时还介绍了刺绣图案的设计与制作要点。 | |
| 606 | 0 | @a刺绣@x工艺美术@x技法(美术) |
| 606 | 0 | @a技法(美术) |
| 690 | @aJ523.6@v4 | |
| 701 | 0 | @a蒋崇愚@Ajiang chong yu@4主编 |
| 801 | 0 | @aCN@bCXYBOOK@c20051222@g |
| 905 | @a10447@dJ523.6@e134 | |
| 精彩刺绣跟我学/蒋崇愚主编.-北京:中国纺织出版社,2004 |
| 128,3页:折图,附图一张;26cm |
| ISBN 7-5064-2938-1:CNY26.00 |
| 本书从刺绣材料和刺绣工具讲起,逐步教你学会绣各种线形的针法、绣各种花形的针法、绣各种叶子的针法、绣各种开光纹样和花蕊的针法、绣各种大面积的针法、十字绣针法、补绣针法及绣各种边饰纹样的针法,同时还介绍了刺绣图案的设计与制作要点。 |
| ● |
| 相关链接 |
|
|
|
|
正题名:精彩刺绣跟我学
索取号:J523.6/134
 
预约/预借
| 序号 | 登录号 | 条形码 | 馆藏地/架位号 | 状态 | 备注 |
| 1 | 0371763 | 203717638 | 第一样本阅览室/ [索取号:J523.6/134] | 在馆 | |
| 2 | 0371764 | 203717647 | 第一借阅区/ [索取号:J523.6/134] | 在馆 | |
| 3 | 0371765 | 203717656 | 第一借阅区/ [索取号:J523.6/134] | 在馆 | |
| 4 | 0371766 | 203717665 | 第一借阅区/ [索取号:J523.6/134] | 在馆 | |
| 5 | 0371767 | 203717674 | 第一借阅区/ [索取号:J523.6/134] | 在馆 |